00485nam a2200181Ia 450000500170000000800410001702000180005803700070007604000200008304100130010308400290011610000140014524500800015926000330023930000100027236500130028265000080029520241129115549.0241129s9999||||xx |||||||||||||| ||und|| a9789356368668 aTB aSDCLbengcSDCL aeng2eng aV2:51(Y15) R2;1-10qSDCL aJohar K.L 0aEminent women freedom fighters of India : profiles in courage and coviction aNoidabSneha Prakashanc2022 a299p. aINRb500 aOLC